| 000 | 01223nam a2200253Ia 4500 | ||
|---|---|---|---|
| 008 | 220216s9999 xx 000 0 und d | ||
| 100 | _aJessy M D | ||
| 245 | 0 | _aEffect of drip irrigation on growth of immature rubber | |
| 260 |
_bIndian Journal of Natural Rubber Research _c2002 |
||
| 300 | _a182-186 | ||
| 520 | _aIn an experiment conducted at Punalur, Kerala, to study the effect of irrigation on the growth of immature rubber (Hevea brasiliensis) with drip irrigation at 25, 50, 75 and 100 per cent of crop evapotranspiration and a control without irrigation as the treatments, it was observed that irrigation at 50 per cent of the crop evapotranspiration was sufficient for improving the growth. Irrigation during the summer season increased the growth of rubber plants significantly. Irrigated plants maintained a higher leaf water status during summer season. | ||
| 650 | _aDrip irrigation | ||
| 650 | _aDrip irrigation | ||
| 650 | _aHevea brasiliensis | ||
| 650 | _aHevea brasiliensis | ||
| 650 | _aLeaf water potential | ||
| 650 | _aLeaf water potential | ||
| 700 | _aDey S K | ||
| 700 | _aJohn Joseph | ||
| 700 | _aMathew T P | ||
| 700 | _aPrathapan K | ||
| 700 | _aPunnoose K I | ||
| 942 | _cAR | ||
| 999 |
_c46946 _d46946 |
||